000 01655nam2a22003611 4500
001 v19\rc\2031577
005 20251118181513.8
035 _a(NLR Aleph) 005107582
090 _a7458362
_c7458362
100 _a20080925d1916 u y0rusy50 ca
101 0 _arus
102 _aRU
105 _ay z |||||
200 1 _a1) Введение
_a2) Некоторые сюрпризы истории
_a3) На рубеже двух эпох
_a4) Патриотизм и международность
210 _dценз. 1916
215 _a78 с.
461 0 _1001v19\rc\2031576
_12001#$aВойна и вопросы международного демократического сознания$eВып. 1-$fА.Н. Потресов$vВып. 1
_1700#1$aПотресов$bА.Н.$f1869-1934$gАлександр Николаевич
_97458355
_aПотресов, А.Н. (1869-1934)
_cПетроград
_dценз. 1916
_fА.Н. Потресов
_nкн-во б. М.В. Попова
_oВып. 1-
_tВойна и вопросы международного демократического сознания
_vВып. 1
517 0 _aВведение
517 0 _aНекоторые сюрпризы истории
517 0 _aНа рубеже двух эпох
517 0 _aПатриотизм и международность
801 0 _aRU
_bNLR
_gpsbo
801 0 _aRU
_bRuMoRGB
_2psbo
801 1 _aRU
_bProSoft-M
_2rusmarc
852 _aNLR
_j34.103.1.92
899 _aRuMoRGB
_jV 160/72
899 _aRuMoRGB
_jU 275/88
899 _aБАН
899 _aНБ СПбГУ
899 _aГПИБ
899 _aНБ МГУ
942 _cBOOK
980 _aNB